000
00208nam a22000857a 4500
008
170201b xxu||||| |||| 00| 0 eng d
100
_9
2732
_a
NCERT
245
_a
Mathematics(Hindi)
260
_a
New Delhi
_b
NCERT
_c
2006
999
_c
5899
_d
5899